000 00579nam a2200241Ia 4500
005 20250506172757.0
008 008 250505s9999 xx 000 0 eng d
020 _a9788119403141
037 _aTB
040 _aILCL
_beng
_cILCL
041 _aeng
_2eng
082 _qILCL
084 _aZ2,9298 R4
100 _aJain, M P
245 0 _aPrinciples of Administrative Law
250 _a8
260 _aHaryana
_bLexis Nexis
_c2024
300 _acxciv,1123p.
365 _aINR
700 _aJain, S N
942 _cTB
_2Colon Classification
999 _c1311898
_d1311898